书目信息 |
| 题名: |
中小型水轮机调速器的原理调试与故障分析处理
|
|
| 作者: | 蔡维由 主编 | |
| 分册: | ||
| 出版信息: | 北京 中国电力出版社 2006.07 |
|
| 页数: | 88页 | |
| 开本: | 26cm | |
| 丛书名: | 中小型水电站运行与管理技术丛书 | |
| 单 册: | ||
| 中图分类: | TK730.4 | |
| 科图分类: | ||
| 主题词: | 水轮机--shui lun ji--调速器--调试 | |
| 电子资源: | ||
| ISBN: | 7-5083-4206-2 | |
| 000 | 01035nam 2200265 450 | |
| 001 | 012006149598 | |
| 005 | 20060808101958.31 | |
| 010 | @a7-5083-4206-2@dCNY20.00 | |
| 100 | @a20060808d2006 km y0chiy0120 ea | |
| 101 | 0 | @achi |
| 102 | @aCN@b110000 | |
| 105 | @aa a 000yy | |
| 106 | @ar | |
| 200 | 1 | @a中小型水轮机调速器的原理调试与故障分析处理@Azhong xiao xing shui lun ji tiao su qi de yuan li diao shi yu gu zhang fen xi chu li@f蔡维由主编@Fcai wei you zhu bian |
| 210 | @a北京@c中国电力出版社@d2006.07 | |
| 215 | @a88页@c图@d26cm | |
| 225 | 2 | @a中小型水电站运行与管理技术丛书@Azhong xiao xing shui dian zhan yun xing yu guan li ji shu cong shu |
| 320 | @a有书目。 | |
| 330 | @a本书介绍了水轮机调节的基本概念及工作原理、机械液压型调速器、机械液压型调速器的调试与故障分析处理等内容。 | |
| 410 | 0 | @12001 @a中小型水电站运行与管理技术丛书 |
| 606 | 0 | @a水轮机@Ashui lun ji@x调速器@x调试 |
| 690 | @aTK730.4@v4 | |
| 701 | 0 | @a蔡维由@Acai wei you@4主编 |
| 801 | 0 | @aCN@bQSSK@c20060808 |
| 905 | @b599454-56@dTK730.4@eC068 | |
| 中小型水轮机调速器的原理调试与故障分析处理/蔡维由主编.-北京:中国电力出版社,2006.07 |
| 88页:图;26cm.-(中小型水电站运行与管理技术丛书) |
| ISBN 7-5083-4206-2:CNY20.00 |
| 本书介绍了水轮机调节的基本概念及工作原理、机械液压型调速器、机械液压型调速器的调试与故障分析处理等内容。 |
| ● |
| 相关链接 |
|
|
|
正题名:中小型水轮机调速器的原理调试与故障分析处
索取号:TK730.4/C068
 
预约/预借
| 序号 | 登录号 | 条形码 | 馆藏地/架位号 | 状态 | 备注 |
| 1 | 599454 | 205994548 | 自科库501/501自科库 136排8列2层/ [索取号:TK730.4/C068] | 在馆 | |
| 2 | 599455 | 205994557 | 自科二线504/504自科库 39排2列5层/ [索取号:TK730.4/C068] | 在馆 | |
| 3 | 599456 | 205994566 | 自科库501/501自科库 136排8列2层/ [索取号:TK730.4/C068] | 在馆 |